| 000 | 01411cad a22002415a 4500 | ||
|---|---|---|---|
| 001 | L148519 | ||
| 008 | 090929s2009 xxkd f s 000 0 eng d | ||
| 035 | _a(Sirsi) u148519 | ||
| 041 | 0 | _aeng | |
| 050 | 0 | 4 | _a338.47624 $2 18 |
| 110 | 2 |
_aRoyal Institution of Chartered Surveyors _bEconomics _95033 |
|
| 245 | 0 | 0 |
_aRICS construction market survey United Kingdom _bsecond quarter 2009 _h[electronic resource] |
| 260 |
_aLondon _bRICS _c2009 |
||
| 490 | 0 |
_aRICS Construction Market Survey United Kingdom _vSecond Quarter 2009 |
|
| 520 | _aReports that in the second quarter 2009, construction workload declined across all sectors, remaining in negative territory, except in non-housing public works. 26% of surveyors report a decline in activity compared to 45% in the first quarter 2009. This is the best reading since the second quarter 2008. Private housing experienced a sharp improvement as 28% of surveyors reported a drop in workloads compared to 66% in the last quarter of 2008. Outlook is slightly less negative for the next 12 months, particularly in workload. | ||
| 521 | 2 | _aAdvanced | |
| 590 | _aKA | ||
| 650 | 2 | 4 | _aRICS CONSTRUCTION MARKET SURVEY UNITED KINGDOM |
| 651 | 4 |
_aUnited Kingdom _y |
|
| 690 | _aBUILT ENVIRONMENT-CONSTRUCTION MARKET | ||
| 856 | 4 | 0 |
_uhttps://www.rics.org/site/scripts/download_info.aspx?downloadID=3305 _zView the survey free of charge at www.rics.org... |
| 942 | _n0 | ||
| 999 |
_c110081 _d110081 |
||